Т. 1; История России с древнейших времен до наших дней

التفاصيل البيبلوغرافية
Parent link:История России с древнейших времен до наших дней: учебник/ под ред. А. Н. Сахарова. Т. 1.— , 2013
الملخص:Том первый учебника написан с учетом современного научного подхода к изучению истории России и последних исследований исторической науки. Раскрыты вопросы социально-экономического и государственно-политического развития страны, освещены основные проблемы отечественной истории, разработана авторская концепция их изучения и разрешения. Материал изложен ярким, выразительным литературным языком, с учетом хронологии и научной интерпретации, что во многом объясняет его доступность для широкого круга читателей. Учебник соответствует государственным образовательным стандартам высшего профессионального образования Российской Федерации. Для абитуриентов, студентов, преподавателей, а также всех интересующихся отечественной историей.
اللغة:الروسية
منشور في: 2013
الموضوعات:
التنسيق: كتاب
KOHA link:https://koha.lib.tpu.ru/cgi-bin/koha/opac-detail.pl?biblionumber=247932

MARC

LEADER 00000nam2a2200000 4500
001 247932
005 20241126063151.0
010 |a 9785392091270 
035 |a (RuTPU)RU\TPU\book\269562 
035 |a RU\TPU\book\156138 
090 |a 247932 
100 |a 20080929d2013 m y0rusy50 ca 
101 0 |a rus 
102 |a RU 
105 |a y j 000zy 
200 0 |a Т. 1 
210 |d 2013 
215 |a 540 с. 
330 |a Том первый учебника написан с учетом современного научного подхода к изучению истории России и последних исследований исторической науки. Раскрыты вопросы социально-экономического и государственно-политического развития страны, освещены основные проблемы отечественной истории, разработана авторская концепция их изучения и разрешения. Материал изложен ярким, выразительным литературным языком, с учетом хронологии и научной интерпретации, что во многом объясняет его доступность для широкого круга читателей. Учебник соответствует государственным образовательным стандартам высшего профессионального образования Российской Федерации. Для абитуриентов, студентов, преподавателей, а также всех интересующихся отечественной историей. 
461 1 |0 (RuTPU)RU\TPU\book\272341  |t История России с древнейших времен до наших дней  |o учебник  |o в 2 т.  |f под ред. А. Н. Сахарова  |v Т. 1  |d 2013 
606 |a Россия  |x История  |7 ca  |8 rus  |2 stltpush  |3 (RuTPU)RU\TPU\subj\64777  |9 81526 
610 1 |a Русское централизованное государство 
610 1 |a учебники 
610 1 |a Древняя Русь 
610 1 |a народы 
610 1 |a славяне 
610 1 |a междоусобная борьба 
610 1 |a политическая раздробленность 
610 1 |a русские княжества 
610 1 |a культура 
610 1 |a монголо-татарское вторжение 
610 1 |a ордынское владычество 
610 1 |a Москва 
610 1 |a Московская Русь 
610 1 |a государство 
610 1 |a Смутное время 
610 1 |a внешняя политика 
610 1 |a реформы 
610 1 |a Российская империя 
610 1 |a войны 
610 1 |a дворцовые перевороты 
610 1 |a экономика 
610 1 |a национальная политика 
610 1 |a Россия 
686 |a Т3(2)я7  |v LBC/SL-A  |2 rubbk 
801 1 |a RU  |b 63413507  |c 20140116 
801 2 |a RU  |b 63413507  |c 20150429  |g RCR 
900 |a История 
942 |c BK 
955 |l 8 
959 |a 4/20140116  |d 22  |e 250,00  |f ЧЗГЛ:1  |f АНЛ:1  |f УФ:20